100 Premier League Appearances: Newcastle United - Statistics

General Stats
  • This quiz has been taken 29 times
  • The average score is 5 of 14
Answers on the Grid
Answers color-coded by a green-red scale on the quiz's grid according to % correct below.
Chancel Mbemba
Lee Clark
Sean Longstaff
Yohan Cabaye
Jack Colback
Shola Ameobi
Mathieu Debuchy
Gabriel Obertan
Vurnon Anita
Chris Wood
Andy Carroll
Jonjo Shelvey
Papiss Demba Cisse
Martin Dubravka
Obafemi Martins
Joey Barton
Steve Watson
Demba Ba
Hatem Ben Arfa
Jermaine Jenas
Fabricio Coloccini
Joselu
Faustino Asprilla
Tim Krul
Paul Dummett
Scott Parker
Danny Simpson
Fabian Schär
Kieron Dyer
Christian Atsu
 
Answer Stats
Answer % Correct
Fabian Schär
56%
Shola Ameobi
56%
Fabricio Coloccini
44%
Kieron Dyer
44%
Sean Longstaff
44%
Tim Krul
44%
Jonjo Shelvey
38%
Lee Clark
38%
Martin Dubravka
31%
Paul Dummett
31%
Jermaine Jenas
19%
Steve Watson
19%
Papiss Demba Cisse
13%
Vurnon Anita
0%
No matching quizzes found
Score Distribution
Percent of People with Each Score
Percentile by Number Answered
Your Score History
You have not taken this quiz